000 00451nam a2200157 i 4500
001 67898
003 ES-MaACL
005 20230906170152.0
007 t|
008 040216s1943 sp ||||1| spa d
100 1 _aGallego Díaz, José.
_953559
245 1 0 _aFormulario de matemáticas generales /
_cpor José Gallego Díaz.
260 _aMadrid :
_bRialto,
_c1943 (
_fMarsiega)
300 _a256 p. ;
_c22 cm.
852 _aES-MaACL
_jF-15553
_bR.19808
999 _c67898
_d67898